VELKÉ PRONÁSLEDOVÁNI KŘESŤANŮ ZA VLÁDY DIOKLECIÁNA A PŘÍČINY JEHO NEZDARU

Bibliographic Details
Main Author: Ježek, Václav, 1973- (Author)
Format: Article
Language:Czech

MARC

LEADER 00000nab a2200000uu 4500
001 vtls011141234
003 SK-MaSNL
005 20260303151129.0
008 230222|2001 xo |||||||||||||||||cze|
015 |a SNBRB 
035 |a (urnnbn)urn:nbn:sk:snk:ar-008cbl 
035 |a (uuid)9a37924c-2317-43b4-84a5-0d0b6e9f0f14 
035 |a urn:nbn:sk:snk-abaszn 
040 |a SNKBUCL  |b slo  |c SNKBUCL  |e AACR2 
041 0 |a cze 
044 |a xo  |c SK 
100 1 |a Ježek, Václav,  |d 1973-  |4 aut  |9 213999 
245 1 0 |a VELKÉ PRONÁSLEDOVÁNI KŘESŤANŮ ZA VLÁDY DIOKLECIÁNA A PŘÍČINY JEHO NEZDARU  |c Václav Ježek 
773 0 |t Pravoslávny teologický zborník  |g Č. 24 (2001), s. 299-311 
958 |a OND 
958 |a EUIPO 
958 |a article14 
999 |c 2016183  |d 2018113